000
00336nam a22001577a 4500
020
_a
978-1439854198
041
_a
ENG
100
_a
Basavarajaiah B.S
245
_a
Strength Of Materials
250
_a
2 nd ED
260
_a
Delhi
_b
CBS Publishers
_c
1998
300
_a
639
650
_a
FS
700
_a
Mahadevappa.P
856
_u
FS
999
_c
784
_d
784